Geomorfología. /
Guardado en:
| Autor Principal: | |
|---|---|
| Formato: | Libro |
| Idioma: | Spanish |
| Publicado: |
Buenos Aires :
Labor,
1931.
|
| Etiquetas: |
Agregar Etiqueta
Sin Etiquetas, Sea el primero en etiquetar este registro!
|
| LEADER | 00431nam a22001455a 4500 | ||
|---|---|---|---|
| 001 | EUN.um020703 | ||
| 003 | AR-BaUNS | ||
| 005 | 20050623122900.0 | ||
| 008 | 041125s1931####ag#a##########000#0#spa#d | ||
| 245 | 1 | 0 | |a Geomorfología. / |c Siegfried Passarge. |
| 260 | |a Buenos Aires : |b Labor, |c 1931. | ||
| 300 | |a 189 p. : |b ilus. ; |c 18,5 cm. | ||
| 100 | 1 | |a Passarge, Siegfried. | |
| 082 | 0 | 4 | |a 551.4 |
| 859 | |a Ar-BaUNS |b BIB. CENTRAL - Sector C |h 551.4 |i P266 |p 3360/956 | ||
